000
00305nam a22001337a 4500
003
SGT
082
_a
617.6342
_b
E25K
100
_a
Khushbu
245
_a
Enhancing Endodontic success
260
_b
SGT University
_c
2024
300
_a
95
650
_a
Conservative Dentistry & Endodontics
942
_2
ddc
_c
TH
999
_c
31387
_d
31387